000 00819nam a2200229Ii 4500
003 JO-AjNU
008 230605s9999||||xx |||||||||||||| ||und||
017 _a2019/8/4124
020 _a978-9957-92-215-3
040 _aJO-AjNU
_bara
_erda
_cJO-AjNU
041 _aara
050 1 4 _aD208.A2834 2020
100 3 _aعبوش، احمد صالح,
_eauthor
_960202
245 0 0 _aتاريخ أوروبا الحديث في عصر النهضة
250 _aط1
264 3 1 _aعمان: دار الفكر ناشرون وموزعون، 2020
300 _a288ص
336 _atext
_btxt
_2rdacontent
337 _aunmediated
_bn
_2rdamedia
338 _avolume
_bnc
_2rdacarrier
650 4 _aتاريخ اوروبا - عصر الاصلاح الاوروبي- عصر النهضة - تاريخ اوروبا الوسيط
_960203
999 _aA27134
_c30702
_d30702